Medzinárodný obchod s odpadom a jeho dopady na vybrané ekonomiky diplomová práca
Enregistré dans:
| Auteur principal: | |
|---|---|
| Collectivité auteur: | |
| Autres auteurs: | |
| Format: | Livre |
| Langue: | slovaque |
| Publié: |
Bratislava
2017
|
| Tags: |
Pas de tags, Soyez le premier à ajouter un tag!
|
MARC
| LEADER | 00000nbm a2200000 4500 | ||
|---|---|---|---|
| 001 | 0235363 | ||
| 005 | 20180220155250.7 | ||
| 041 | 0 | |a slo | |
| 044 | |a SK | ||
| 245 | 1 | 0 | |a Medzinárodný obchod s odpadom a jeho dopady na vybrané ekonomiky |b diplomová práca |c Denisa Rášová ; školiteľ: Mikuláš Černota |
| 264 | 1 | |a Bratislava |c 2017 | |
| 300 | |a 75 s. | ||
| 100 | 1 | |a Rášová, Denisa | |
| 700 | 1 | |a Černota, Mikuláš, 1979- | |
| 710 | 2 | |a Fakulta medzinárodných vzťahov EU. Katedra medzinárodných ekonomických vzťahov a hospodárskej diplomacie | |